000 01500nam a22002297a 4500
001 8655
003 FISKH
005 20251008151649.0
008 251008b cb ||||| |||| 00| 0 eng d
020 _a9788178090214
040 _aFISKH
_beng
_cFISKH
_dFISKH
050 _aBJ1581.2 .Z535
082 _a158
100 _aZiglar, Zig
245 _aSomething else to smile about :
_bMore encouragement and inspiration for life's ups and downs /
_cZig Ziglar
260 _aMumbai :
_bMagna,
_c1999.
300 _a204 pages :
_bcolor illustrations ;
_c21 cm
520 _aHumorous anecdotes, poignant encounters, and touching narratives breathe life into lessons on character, leaving a legacy, true greatness, personal integrity, and overcoming adversity. In Something Else to Smile About, Ziglar shares stories of: the country lawyer who won case after case by understanding his opponent's point of view mediocre college athlete's who became legends in the professional ranks a Catholic sister whose "tough love" motivates teh chemically additced to take personal responsibility countless individuals who've learned that failure is an event, not a person Whether you need a morning shot of ambition or a refreshing thought before a good night's sleep, Something Else to Smile About is a daily source of motivation and encouragement you'll turn to again and again and enthusiastically share with others.
650 _aMotivational
_vBible Guide
_xSelf-help
942 _2ddc
_cBK
_n0
999 _c8655
_d8655